书目信息 |
| 题名: |
神经生物学
|
|
| 作者: | 许绍芬 | |
| 分册: | ||
| 出版信息: | 上海 上海医科大学出版社 1999 |
|
| 页数: | 520 | |
| 开本: | 26cm | |
| 丛书名: | ||
| 单 册: | ||
| 中图分类: | Q189 | |
| 科图分类: | ||
| 主题词: | 寄生物--生物学 | |
| 电子资源: | ||
| ISBN: | 7-5627-0484-8 | |
| 000 | 00523nam0 2200193 450 | |
| 001 | 0741144344 | |
| 005 | 20070817112544.34 | |
| 010 | @a7-5627-0484-8@d¥60.00 | |
| 100 | @a20070817d km y0chiy0120 ea | |
| 101 | 0 | @achi |
| 200 | 1 | @a神经生物学@Ashen jing sheng wu xue@f许绍芬@Fxu shao fen |
| 205 | @a2版 | |
| 210 | @a上海@c上海医科大学出版社@d1999 | |
| 215 | @a520@c插图@d26cm | |
| 606 | 0 | @a寄生物@x生物学 |
| 690 | @aQ189@v3 | |
| 701 | 0 | @a许绍芬@Axu shao fen |
| 801 | 0 | @aCN@bPFT@c20070817 |
| 905 | @a213230@dQ189@en3@f1 | |
| 神经生物学/许绍芬.-2版.-上海:上海医科大学出版社,1999 |
| 520:插图;26cm |
| ISBN 7-5627-0484-8:¥60.00 |
| ● |
| 相关链接 |
|
|
|
|
正题名:神经生物学
索取号:Q189/n3
 
预约/预借
| 序号 | 登录号 | 条形码 | 馆藏地/架位号 | 状态 | 备注 |
| 1 | 6601427 | 266014270 | 生命科学系资料室/ [索取号:Q189/n3] | 在馆 |